Lajos Thallóczy, der Historiker und Politiker die Entdeckung der Vergangenheit von Bosnien-Herzegowina und die moderne Geschichtswissenschaft

Bibliographic Details
Other Authors: Juzbašić, Dževad (Editor), Ress, Imre (Editor), Gottsmann, Andreas, 1961- (Collaborator)
Format: Book
Language:German
PhysicalDescription:262 s. faks., ilustr. 25 cm
Published: Sarajevo Akademie der Wissenschaften und Künste von Bosnien-Herzegowina 2010
ISBN:9789958501548
9958501546
Series:Posebna izdanja / Akademija Nauka i Umjetnosti Bosne i Hercegovine. Odjeljenje humanističkih nauka knj. 40
Subjects:

MARC

LEADER 00000nam a2200000 a 4500
001 vtls010261102
003 SK-MaSNL
005 20260302045130.0
008 251124p2010 bn ha g h 000 0bger
020 |a 9789958501548  |q (viaz.) 
020 |a 9958501546  |q (brož.) 
040 |a SNK  |b slo  |c SNK  |e AACR2 
041 0 |a ger  |b ger  |b hun  |b scr 
043 |a e-au--- 
044 |a bn  |a hu  |c BA  |c HU 
072 7 |a 930  |x Historická veda. Pomocné vedy historické. Archívnictvo  |2 konspekt 
072 7 |a 929  |x Biografie  |2 konspekt 
080 |a 929  |2 2001 
080 |a 930-051  |2 2001 
080 |a (436)  |2 2001 
080 |a (048.8)  |2 2001 
080 |a (092)  |2 2001 
245 0 0 |a Lajos Thallóczy, der Historiker und Politiker  |b die Entdeckung der Vergangenheit von Bosnien-Herzegowina und die moderne Geschichtswissenschaft  |c Herausgeber: Dževad Juzbašić, Imre Ress ; in Zusammenarbeit mit: Andreas Gottsmann 
246 1 1 |a Lajos Thallóczy, historičar i političar 
246 1 1 |a Thallóczy, Lajos, a történész és politikus 
260 |a Sarajevo  |b Akademie der Wissenschaften und Künste von Bosnien-Herzegowina  |c 2010 
300 |a 262 s.  |b faks., ilustr.  |c 25 cm 
490 1 |a Posebna izdanja / Akademija Nauka i Umjetnosti Bosne i Hercegovine. Odjeljenje humanističkih nauka  |v knj. 40 
500 |a Celkové poradie v edicií "Posebna izdanja" - knj. 134 
504 |a Obsahuje bibliografické odkazy 
546 |a Súbež. tit. s. a res. srp. a maď. 
600 1 7 |a Thallóczy, Lajos,  |d 1857-1916  |2 SNKMA  |9 701800 
650 0 7 |a historici  |2 SNKPH  |9 54543 
651 7 |a Rakúsko  |2 SNKPH  |9 18533 
655 7 |a monografie  |2 SNKPH  |9 70139 
655 7 |a biografie  |2 SNKPH  |9 27965 
700 1 |a Juzbašić, Dževad  |4 edt  |9 701801 
700 1 |a Ress, Imre  |4 edt  |9 701802 
700 1 |a Gottsmann, Andreas,  |d 1961-  |4 clb  |9 165813 
810 2 |a Akademija Nauka i Umjetnosti Bosne i Hercegovine. Odjeljenje humanističkih nauka.  |t Posebna izdanja  |9 701803 
919 |a 978-9958-501-54-8 
919 |a 9958-501-54-6 
999 |c 1092483  |d 1094413 
952 |a SNK  |b SNK  |y VYP  |7 0  |p 17A0695540  |o snkIC 138433  |i snk2011/7351  |8 2  |g 10.26  |0 0  |1 0  |4 0  |d 2011-03-03  |l 0  |r 2026-02-24 17:02:19  |w 2026-02-24